[Event "Zlin Region-chT 2223"]
[Site "Czech Republic"]
[Date "2023.02.26"]
[Round "9.7"]
[White "Blaha, Petr"]
[Black "Kostka, Jan"]
[Result "1/2-1/2"]
[WhiteElo "1953"]
[BlackElo "1267"]
[PlyCount "70"]
[EventDate "2022.10.09"]
[EventType "team-tourn"]
[EventRounds "11"]
[EventCountry "CZE"]
[SourceTitle "EXT 2024"]
[Source "ChessBase"]
[SourceDate "2023.10.10"]
[SourceVersion "1"]
[SourceVersionDate "2023.10.10"]
[SourceQuality "1"]
[WhiteTeam "Stare Mesto II"]
[BlackTeam "Borsice"]
[WhiteTeamCountry "CZE"]
[BlackTeamCountry "CZE"]

1. d4 d5 2. Bf4 Bf5 3. Nf3 e6 4. e3 c5 5. Bd3 Bxd3 6. cxd3 Nc6 7. Qb3 cxd4 8. Qxb7 Bb4+ 9. Ke2 Qc8 10. Qxc8+ Rxc8 11. exd4 Nge7 12. Nbd2 Nf5 13. Nb3 h5 14. Rac1 a5 15. a3 Be7 16. Nxa5 Ncxd4+ 17. Nxd4 Nxd4+ 18. Kd2 Kd7 19. b4 Nb5 20. Nb7 Nxa3 21. Nc5+ Bxc5 22. bxc5 f6 23. d4 g5 24. Be3 Kc6 25. Ra1 Ra8 26. Ke2 Rhb8 27. Ra2 Nc4 28. Rha1 Rb2+ 29. Rxb2 Rxa1 30. Rb8 Ra2+ 31. Kf1 Ra1+ 32. Ke2 Ra2+ 33. Kf3 Ra3 34. Ke2 Ra2+ 35. Kf1 Ra1+ 1/2-1/2

[Event "Zlin Region-chT 2223"]
[Site "Czech Republic"]
[Date "2022.11.27"]
[Round "4.8"]
[White "Kostka, Jan"]
[Black "Podskubka, Ondrej"]
[Result "1/2-1/2"]
[WhiteElo "1267"]
[BlackElo "1682"]
[PlyCount "92"]
[EventDate "2022.10.09"]
[EventType "team-tourn"]
[EventRounds "11"]
[EventCountry "CZE"]
[SourceTitle "EXT 2024"]
[Source "ChessBase"]
[SourceDate "2023.10.10"]
[SourceVersion "1"]
[SourceVersionDate "2023.10.10"]
[SourceQuality "1"]
[WhiteTeam "Borsice"]
[BlackTeam "Vlcnov  II"]
[WhiteTeamCountry "CZE"]
[BlackTeamCountry "CZE"]

1. e4 c5 2. c3 Nc6 3. d4 cxd4 4. cxd4 d5 5. e5 Qb6 6. Nf3 Bg4 7. Be2 e6 8. Be3 Bxf3 9. Bxf3 Qxb2 10. Nd2 Qb6 11. Rb1 Qc7 12. Qb3 Rb8 13. Be2 Nge7 14. 0-0 Nf5 15. Rfc1 Nxe3 16. fxe3 Be7 17. Bb5 0-0 18. Qa4 Rfc8 19. Bxc6 bxc6 20. Rxb8 Qxb8 21. Rb1 Qc7 22. Qa6 Rb8 23. Rxb8+ Qxb8 24. Qxc6 Qb2 25. Nb3 Qb1+ 26. Nc1 h6 27. Kf2 Qb2+ 28. Kf3 Qd2 29. Qa8+ Bf8 30. Qc8 Qd1+ 31. Kf2 Qd2+ 32. Kf3 g5 33. h3 h5 34. Ne2 Qe1 35. e4 Qf1+ 36. Ke3 dxe4 37. g3 Qf3+ 38. Kd2 Kg7 39. Qc3 Qxc3+ 40. Kxc3 a5 41. Kd2 f5 42. exf6+ Kxf6 43. Ke3 Kf5 44. Nc3 g4 45. h4 Bh6+ 46. Ke2 e3 1/2-1/2